Domestic food consumption and expenditure (Record no. 412814)

000 -LEADER
fixed length control field 00399cam a22001097a 4500
008 - FIXED-LENGTH DATA ELEMENTS--GENERAL INFORMATION
fixed length control field 180718b xxu||||| |||| 00| 0 eng d
082 ## - DEWEY DECIMAL CLASSIFICATION NUMBER
Classification number O96x42 1955
245 ## - TITLE STATEMENT
Title Domestic food consumption and expenditure
Statement of responsibility, etc. by Ministry of Agriculture, Fisheries and food
260 ## - PUBLICATION, DISTRIBUTION, ETC.
Place of publication, distribution, etc. London
Name of publisher, distributor, etc. Her Majesty's Stationery Office
Date of publication, distribution, etc.
500 ## - GENERAL NOTE
General note Library has 1955-1960
700 ## - ADDED ENTRY--PERSONAL NAME
Personal name U.K.Ministry of Agriculture, Fisheries and food
Holdings
Withdrawn status Lost status Damaged status Not for loan Permanent Location Current Location Date acquired Full call number Barcode Date last seen Price effective from Koha item type
        Indian Institute of Public Administration Indian Institute of Public Administration 2009-02-09 O96x42 1955 28099 2018-07-21 2018-07-21 Book
        Indian Institute of Public Administration Indian Institute of Public Administration 2009-02-09 O96x42 1955 25028 2018-07-21 2018-07-21 Book
        Indian Institute of Public Administration Indian Institute of Public Administration 2009-02-09 O96x42 1955 20779 2018-07-21 2018-07-21 Book
        Indian Institute of Public Administration Indian Institute of Public Administration 2009-02-09 O96x42 1955 13316 2018-07-21 2018-07-21 Book
        Indian Institute of Public Administration Indian Institute of Public Administration 2009-02-09 O96x42 1955 8316 2018-07-21 2018-07-21 Book

Powered by Koha